United Nations Vienna specialized catalogue (1st Ed.) (Record no. 2935)

000 -LEADER
fixed length control field 00467nam a22000977a 4500
008 - FIXED-LENGTH DATA ELEMENTS--GENERAL INFORMATION
fixed length control field 190128b ||||| |||| 00| 0 eng d
100 ## - MAIN ENTRY--AUTHOR'S NAME
Author's Name Hanke, Wolff
245 ## - TITLE STATEMENT
Title United Nations Vienna specialized catalogue (1st Ed.)
260 ## - PUBLICATION, DISTRIBUTION, ETC. (IMPRINT)
Place of publication, distribution, etc. Schomberg, [ Germany]
Name of publisher, distributor, etc. Lindner Falzlos-Gesellschaft KG,
Date of publication, distribution, etc. 1981
650 ## - TOPICAL TERM (Tag)
Topical term or geographic name United Nations -- Offices in Vienna, Austria (1979-) | Catalogs and Price Lists | Austria -- Vienna | Topical Collecting | United Nations Postal Administration, Vienna
Holdings
Withdrawn status Lost status Source of classification or shelving scheme Damaged status Koha normalized classification for sorting Not for loan Permanent Location Current Location Shelving location Date acquired Total Checkouts Full call number Barcode Date last seen Copy number Price effective from
        HE6239 U5 L747   Northern Philatelic Library Northern Philatelic Library General Stacks 01/28/2019   HE6239 .U5 L747 1005338 01/28/2019 1 01/28/2019

Powered by Koha